000
00296nam a22001457a 4500
003
SGT
020
_a
9780349104522
082
_a
370,KAN
100
_a
Kanigel, Robert
245
_a
MAN WHO KNEW INFINITY
260
_a
ABACVS
_c
2016
300
_a
438
650
_a
EDUCATION
942
_2
ddc
_c
BK
999
_c
26670
_d
26670